| 000 | 00372nam a22001217a 4500 | ||
|---|---|---|---|
| 082 | _a621.382 | ||
| 100 |
_aRehman, Ubaid Ur _9121589 |
||
| 245 |
_aMultiple Target Detection in Wall Penetrating UWB Radar / _cUbaid Ur Rehman |
||
| 260 |
_aRawalpindi _bMCS - NUST, _c2012 |
||
| 300 | _a69 p. ; 30cm | ||
| 650 |
_aElectrical Engineering-MS-Thesis _916073 |
||
| 942 |
_2ddc _cTHE |
||
| 999 |
_c608418 _d608418 |
||